[Event "Chinese-ch Men 2020"]
[Site "Xinghua"]
[Date "2020.12.28"]
[Round "9.5"]
[White "Zhang, Rui"]
[Black "Lin, Yi"]
[Result "0-1"]
[WhiteElo "1658"]
[BlackElo "2408"]
[Annotator "TA"]
[PlyCount "92"]
[EventDate "2020.12.19"]
[EventType "tourn"]
[EventCountry "CHN"]
[SourceTitle "playchess.com"]
[Source "ChessBase"]
[SourceQuality "1"]

{[%evp 13,92,-2,-3,-42,-45,-56,-56,-56,-56,-56,-57,-54,-57,-60,-47,-53,-57,-59,-54,-74,-23,-39,8,10,9,18,10,14,11,11,11,-83,-92,-115,-108,-102,-75,-105,-95,-148,-147,-193,-179,-168,-47,-157,-170,-170,-170,-162,-145,-161,-165,-163,-127,-255,-237,-12833,-12836,-12833,-12834,-12839,-12838,-12840,-12840,-12841,-12841,-12841,-12842,-12842,-12843,-12846,-12847,-12847,-12847,-12849,-12848,-12849,-12849,-12850,-12850]} 1. e4 c5 2. c3 Nf6 3. e5 Nd5 4. d4 cxd4 5. Nf3 d6 6. cxd4 Nc6 7. Bc4 Nb6 8. Bd3 {B22: Sicilian: 2 c3.} Bg4 9. h3 Bxf3 10. Qxf3 {Black is slightly better.} Nxd4 11. Qxb7 Qc8 12. Qxc8+ Rxc8 13. Nc3 dxe5 14. O-O e6 15. Be3 Bc5 16. Rac1 {[#]} Ke7 $146 ({Black should try} 16... O-O $17) ({Predecessor:} 16... O-O 17. Ba6 Rb8 18. Rfd1 Rfd8 19. Kf1 Be7 20. Nb5 Nxb5 21. Rxd8+ Bxd8 22. Bxb5 Nd5 23. Bxa7 Rxb5 {0-1 (44) Antoli Royo,J (2434)-Damljanovic,B (2611) Pamplona 2011}) 17. Ba6 Rb8 18. Ne4 Bd6 19. Nxd6 Kxd6 20. f4 {fxe5+ is the strong threat.} f6 21. fxe5+ fxe5 {Threatens to win with ...Nd5.} 22. Rf7 (22. b3 $11) 22... Nd5 $17 23. Bxd4 exd4 24. b3 g5 25. Bc4 Ne3 26. Rxa7 ({White should play} 26. Ba6) 26... Ra8 $1 {[%cal Ra8a7]} 27. Rb7 Rxa2 28. Rb6+ {[#]} Kc5 (28... Ke5 $1 $19 29. Rxe6+ Kf5) 29. Rxe6 (29. Rb5+ $15 Kd6 30. Rxg5) 29... Rxg2+ 30. Kh1 {Strongly threatening Rxe3!} Rc2 31. Re5+ {[#]} Kb4 $1 32. Rxc2 Nxc2 33. Rxg5 {[%mdl 4096] Endgame KRB-KRN} Ne3 34. Bd3 {Loses the game.} (34. Ba6 $17 {keeps fighting.}) 34... Kc3 $19 ({Much less strong is} 34... Kxb3 35. Rc5 $17) 35. Bb1 (35. Be2) 35... d3 {Black is clearly winning.} 36. Bxd3 Kxd3 {KRN-KR} 37. Kh2 Ke4 38. Rg7 h5 39. Re7+ Kf4 40. Rf7+ Nf5 41. Rc7 Rd8 42. Rc4+ Kf3 43. Rc3+ Ne3 {( -> ...Rd2+)} 44. h4 Rd2+ 45. Kh3 Rd1 {[%cal Rd1h1]} 46. Kh2 Kf2 {Weighted Error Value: White=0.45/Black=0.09} 0-1

[Event "Chinese-ch Men 2020"]
[Site "Xinghua"]
[Date "2020.12.28"]
[Round "9.6"]
[White "Ju, Wenjun"]
[Black "Huang, Renjie"]
[Result "1-0"]
[WhiteElo "2560"]
[BlackElo "2422"]
[Annotator "TA"]
[PlyCount "93"]
[EventDate "2020.12.19"]
[EventType "tourn"]
[EventCountry "CHN"]
[SourceTitle "playchess.com"]
[Source "ChessBase"]
[SourceQuality "1"]

{[%evp 15,93,0,4,4,20,4,2,0,10,23,12,7,10,9,23,29,29,29,83,80,82,82,88,74,80,66,136,127,129,162,202,203,334,342,352,293,292,256,280,203,300,150,133,138,354,207,478,373,584,584,536,450,416,105,214,225,251,177,180,180,177,183,338,335,364,359,470,470,470,470,586,586,586,586,586,583,866,615,955,930]} 1. e4 c5 2. Nf3 Nc6 3. Bb5 g6 4. O-O Bg7 5. c3 Nf6 6. Re1 O-O 7. d4 d5 8. e5 Ne4 9. Be3 $1 {[%mdl 4] outshines the older 9.Bxc6. B31: Sicilian: 2...Nc6 3 Bb5 g6.} Qb6 10. Bxc6 bxc6 11. Qc1 {The position is equal.} c4 12. Nbd2 Nxd2 13. Nxd2 Bf5 14. b3 {[#]} Qa6 $146 ({Predecessor:} 14... Bd3 15. Qa3 Rfe8 16. Qa4 Qb5 17. Qxb5 cxb5 18. a4 b4 19. Rec1 Rec8 20. bxc4 dxc4 21. cxb4 {0-1 (50) Alekseev,E (2626)-Vokhidov,S (2512) chess.com INT 2020}) 15. Bg5 f6 16. Bf4 fxe5 (16... g5 $11 {remains equal.} 17. exf6 exf6) 17. Bxe5 $16 Bh6 18. bxc4 dxc4 19. f4 c5 20. Nf3 Rad8 ({Black should try} 20... cxd4 $14 21. Nxd4 e6) 21. dxc5 Qc6 22. Qe3 Rd3 23. Qf2 {And now Qh4 would win.} Be4 (23... Bg4 $142) 24. Nd4 $18 Qd5 25. Qe2 Bf5 26. c6 Bc8 27. Qf2 Rxc3 (27... Bg5 {was called for.} 28. Re3 a6) 28. Nf5 Rxf5 $16 29. Bxc3 Rxf4 $2 (29... Bxf4 $16 30. Qd4 Qxd4+ 31. Bxd4 Kf7) 30. Qe2 (30. Qxa7 $142 Bh3 31. Re2 (31. gxh3 Qg5+ 32. Kh1 Qd5+ {[%mdl 64] Double Attack} 33. Kg1 Qg5+ 34. Kh1 Qd5+ {[%mdl 64] Double Attack} 35. Kg1 $11)) 30... Rf5 $2 (30... Qc5+ {is a better defense.} 31. Kh1 Qxc6) 31. Rad1 Qxc6 (31... Qc5+ {was necessary.} 32. Kh1 Rf8) 32. Qxe7 $18 {White wants to mate with Rd8+.} Bb7 {[%csl Gb7][%cal Rc6g2]} 33. Rd8+ Rf8 {[#]} 34. Rxf8+ (34. Rd2 $142 $1 {[%mdl 512] Re6 is the strong threat.} Rf5 35. Re6) 34... Bxf8 {[%csl Gb7][%cal Rc6g2] [#]} 35. Qe2 Bc8 36. Qe5 $40 {[%mdl 128] White is out for blood.} Qc5+ 37. Kf1 {Qh8+ would kill now.} Qxe5 38. Rxe5 {[%mdl 4096] Endgame aiming for Re8. KRB-KB} (38. Bxe5 $6 Bf5 $14) 38... Bf5 $2 (38... Kf7 39. Ra5 a6) 39. Ra5 Bd6 40. g3 ({Resist} 40. Rxa7 Bxh2 41. a4 Bd6 $18) 40... Kf8 41. Rxa7 {White is clearly winning.} h5 42. a4 {[%cal Ba2a4,Ba4a5,Ba5a6,Ba6a7][%mdl 32]} Ke8 43. a5 Be4 44. a6 Kd8 45. Rg7 Kc8 46. a7 Bc5 47. Rg8+ {Weighted Error Value: White=0.35/Black=0.51} 1-0

[Event "Chinese-ch Men 2020"]
[Site "Xinghua"]
[Date "2020.12.29"]
[Round "10.1"]
[White "Xu, Xiangyu"]
[Black "Huang, Renjie"]
[Result "1/2-1/2"]
[WhiteElo "2573"]
[BlackElo "2422"]
[Annotator "TA"]
[PlyCount "60"]
[EventDate "2020.12.19"]
[EventType "tourn"]
[EventCountry "CHN"]
[SourceTitle "playchess.com"]
[Source "ChessBase"]
[SourceQuality "1"]

{[%evp 20,60,50,36,50,44,42,46,42,42,52,12,18,10,19,20,29,18,45,43,24,22,46,39,52,49,42,0,8,6,6,10,43,0,0,0,0,0,0,0,0,0,0]} 1. g3 {Avrukh,B} d5 2. Nf3 Nf6 3. Bg2 c5 4. d4 cxd4 5. O-O e6 6. Nxd4 e5 7. Nb3 Nc6 8. Bg5 Be6 9. Nc3 d4 10. Ne4 Be7 11. Bxf6 Bxf6 {D02: 1 d4 d5 2 Nf3 sidelines, including 2...Nf6 3 g3 and 2...Nf6 3 Bf4.} 12. Nbc5 Bc8 13. c3 Be7 {[#] Strongly threatening ...f5.White is slightly better.} 14. cxd4 exd4 {[#] With the idea ...f5.} 15. b4 $146 ({Predecessor:} 15. Qb3 Qb6 16. Qxb6 axb6 17. Nd3 O-O 18. Rfc1 Re8 19. Kf1 Bg4 20. h3 Bf5 21. Rd1 Bf8 22. Nd2 h5 23. Nf4 Nb4 24. a3 g5 25. Nxh5 {1-0 (25) Kharitonov,A (2540)-Shcherbakov,R (2580) Sochi 1997 CBM 062 [Avrukh,B]}) 15... O-O 16. a3 a5 17. Qa4 Qb6 {[#]} 18. b5 $1 Na7 (18... Ne5 19. Qxd4) 19. Qxd4 Nxb5 20. Qc4 Bf5 21. Na4 Qg6 22. Qxb5 {Hoping for Nec3.} Bxe4 23. Rfd1 Rad8 24. Bxe4 Qxe4 25. Nc3 Qc6 (25... Rxd1+ {is interesting.} 26. Rxd1 Qc2 27. Rd3 Bf6 28. Qxa5 Bxc3 29. Qxc3 Qxe2 30. a4 Re8) 26. Qxc6 (26. Qxa5 {is more complex.} Rfe8 27. Nd5 Bc5 28. Qd2 Rd7 29. Rac1) 26... bxc6 {The position is equal.} 27. Rdc1 Rd4 28. Nd1 Ra4 29. Rxc6 Rxa3 30. Rxa3 Bxa3 {Weighted Error Value: White=0.08/Black=0.07} 1/2-1/2

[Event "Chinese-ch Men 2020"]
[Site "Xinghua"]
[Date "2020.12.29"]
[Round "10.2"]
[White "Lin, Yi"]
[Black "Ju, Wenjun"]
[Result "1/2-1/2"]
[WhiteElo "2408"]
[BlackElo "2560"]
[Annotator "TA"]
[PlyCount "51"]
[EventDate "2020.12.19"]
[EventType "tourn"]
[EventCountry "CHN"]
[SourceTitle "playchess.com"]
[Source "ChessBase"]
[SourceQuality "1"]

{[%evp 15,51,13,17,20,26,30,34,27,40,30,37,39,38,39,40,0,-1,-21,0,0,0,0,0,0,0,0,0,-5,-5,-5,0,0,0,-5,0,0,0,-5]} 1. d4 d5 2. c4 c6 3. cxd5 cxd5 4. Bf4 Nc6 5. e3 Nf6 6. Nc3 a6 7. Be2 Bf5 8. Nf3 {8.Nf3 is better than 8.g4.} e6 9. Qb3 {D13: Slav Defence: Exchange variation without ...Bf5.} Nh5 {[#]} 10. Qxb7 $146 ({Predecessor:} 10. Bg5 Qc7 11. Ne5 h6 12. Bh4 Nxe5 13. dxe5 g5 14. Bxh5 gxh4 15. O-O Be7 16. Qa4+ Kf8 {½-½ (26) Ryzhkov,I (2356)-Gnilka,T (2292) ICCF email 2016}) 10... Na5 11. Qc7 {White is slightly better.} Nxf4 12. Qxd8+ Rxd8 13. exf4 Rb8 14. O-O-O Bb4 15. Bd3 {Bxf5 is the strong threat.} (15. Nh4 $5 {[%cal Rh4f5]}) 15... Bg4 {The position is equal.} 16. Bxa6 Bxf3 17. gxf3 Bxc3 18. bxc3 Rb6 19. Bd3 Ke7 20. Kc2 Rc8 21. Rc1 ({Much worse is} 21. Bxh7 Nc4 $17) 21... g6 22. Kd2 Rb2+ 23. Rc2 Rb6 24. Rcc1 Rb2+ 25. Rc2 Rb6 26. Rcc1 {Weighted Error Value: White=0.05/Black=0.02} 1/2-1/2

[Event "Chinese-ch Men 2020"]
[Site "Xinghua"]
[Date "2020.12.29"]
[Round "10.3"]
[White "Bai, Jinshi"]
[Black "Zhang, Rui"]
[Result "1-0"]
[WhiteElo "2618"]
[BlackElo "1658"]
[Annotator "TA"]
[PlyCount "63"]
[EventDate "2020.12.19"]
[EventType "tourn"]
[EventCountry "CHN"]
[SourceTitle "playchess.com"]
[Source "ChessBase"]
[SourceQuality "1"]

{[%evp 21,63,30,114,112,107,118,118,116,230,225,219,219,239,201,193,202,246,232,266,260,271,271,271,267,273,264,297,263,285,281,451,448,443,422,489,477,510,505,501,500,486,473,1161,1149]} 1. Nf3 Nf6 2. c4 e6 3. g3 d5 4. Bg2 Be7 5. O-O O-O 6. b3 c5 7. cxd5 exd5 8. d4 Nc6 9. Bb2 Ne4 10. Nc3 Bf6 11. Na4 b5 (11... cxd4 $11 12. Nxd4 Bd7) 12. Nxc5 $16 {D34: Tarrasch Defence: 6 g3 Nf6 7 Bg2 Be7.} Nxc5 13. Rc1 {[%mdl 64] Pin} Nxb3 14. Qxb3 {White is better.} Qd6 (14... Qb6 $16) 15. Ne5 $1 $18 (15. Qxb5 $6 Rb8 $16) 15... Na5 {[#]} 16. Qxb5 $146 ({Predecessor:} 16. Qxd5 Qxd5 17. Bxd5 Rb8 18. Nxf7 Bb7 19. Be6 Rfe8 20. Nd8+ Rxe6 21. Nxe6 Nc4 22. Ba1 {1-0 (49) Cuevas,A (2262)-Kropff,R (2174) Buenos Aires 2014}) 16... Rb8 17. Qxa5 Rxb2 18. Bxd5 Be6 {[#]} 19. Nc4 $1 Rxa2 (19... Qb4 20. Qxb4) 20. Bxe6 (20. Nxd6 $6 Rxa5 21. Bxe6 fxe6 $16) ({Much less strong is} 20. Qxa2 Qxd5 21. Qa5 (21. Qxa7 Bxd4 22. Qa5 Qe4 $16) 21... Qxd4 $18) 20... Rxa5 {[#]} 21. Bxf7+ {[%mdl 512]} Kxf7 22. Nxd6+ Ke6 23. Nb7 Ra2 24. Nc5+ Kd6 25. e3 a5 $2 (25... Bd8 {was worth a try.} 26. Ne4+ Ke7) 26. Ra1 {White is clearly winning.} Rxa1 27. Rxa1 Ra8 {[#]} 28. Rxa5 $3 {[%mdl 576] Decoy} Rxa5 (28... Re8 29. Kg2) 29. Nb7+ {[%mdl 64] Double Attack} Kd5 30. Nxa5 Ke4 31. Nb7 Kf3 (31... g6 $142 32. Kf1 Kd5) 32. d5 {Black got outplayed after the opening.  Weighted Error Value: White=0.04/Black=0.40} 1-0

[Event "Chinese-ch Men 2020"]
[Site "Xinghua"]
[Date "2020.12.29"]
[Round "10.4"]
[White "Wei, Yi"]
[Black "Wen, Yang"]
[Result "1-0"]
[WhiteElo "2732"]
[BlackElo "2594"]
[Annotator "TA"]
[PlyCount "71"]
[EventDate "2020.12.19"]
[EventType "tourn"]
[EventCountry "CHN"]
[SourceTitle "playchess.com"]
[Source "ChessBase"]
[SourceQuality "1"]

{[%evp 9,71,5,34,34,25,34,29,24,32,31,31,20,26,12,49,41,65,50,45,45,59,32,60,65,69,56,69,64,58,70,87,100,95,78,79,75,91,73,308,318,370,97,266,111,116,112,166,164,164,164,151,130,134,141,302,47,173,180,161,135,260,260,365,365]} 1. e4 e5 2. Nf3 Nc6 3. Bb5 g6 4. d4 exd4 5. c3 a6 6. Bc4 {C60: Ruy Lopez: Unusual Black 3rd moves and 3...g6.} b5 7. Bb3 Bg7 8. cxd4 {White has an edge.} Nge7 9. d5 Na5 10. Bd2 Nxb3 11. axb3 d6 12. Bc3 f6 13. O-O O-O 14. Na3 {[%cal Bb1a3,Ba3c2,Bc2b4,Bb4d5][%mdl 32] [#]} Qe8 $146 ({Predecessor:} 14... Bd7 15. Nc2 c5 16. dxc6 Bxc6 17. Nfd4 Bd7 18. Bb4 Qb6 19. Nf3 Rfe8 20. Bxd6 Rad8 {1-0 (65) Yoo,C (2254)-Cornette,D (2404) Douglas 2017}) 15. Re1 Bd7 16. Nc2 Qf7 17. Qd2 Rfd8 18. Ba5 Rdc8 19. Nb4 c5 20. dxc6 $1 Nxc6 21. Nd5 $1 ({But not} 21. Qxd6 $6 Bf8 $11) 21... Nxa5 22. Qxa5 Rcb8 23. Rec1 f5 $2 (23... Rb7 $16) 24. Ng5 $18 Qf8 25. Qc7 $2 (25. Rc7 $18 {and White stays clearly on top.} Qd8 26. Qd2) 25... Qd8 (25... Rd8 $16) 26. Qxd6 (26. exf5 $18 {has better winning chances. Strongly threatening f6.} Qxg5 27. Qxd7 gxf5 28. Rc7 (28. Qxd6 Bxb2 {[%mdl 64] Double Attack} 29. h4 Qd8 $14)) 26... Qxg5 $16 27. Qxd7 {Threatens to win with Rc7.} fxe4 (27... Rd8 $16 28. Qe6+ Kh8) 28. Rc7 $18 {[%csl Gc7][%cal Rd7g7]} Qe5 29. Ne7+ $1 Kh8 {...Rd8 is the strong threat.} 30. Nc8 $40 {[%mdl 128] Intending Qd8+ and mate. White goes for the king.} h5 31. Rd1 {aiming for Ne7.} e3 $2 {[#]} (31... Kh7 $16) 32. fxe3 $2 ({Only move:} 32. f4 $1 $18 {[%cal Rf4e5]} Qxc7 {[%mdl 64] Remove Defender} 33. Qxc7 Rxc8 34. Qb6 {[%mdl 64] Double Attack}) 32... Qxe3+ (32... Kh7 $1 $14) 33. Kh1 {[%csl Gc7][%cal Rd7g7]} Qe5 34. Ne7 Rb6 {[#]} (34... Qg5 $16) 35. Rc6 $1 Qxe7 (35... Rxc6 $142 36. Qxc6 {[%mdl 64] Double Attack} Qxe7 37. Qxa8+ Kh7 38. Qxa6 Qe2) 36. Rxb6 {Weighted Error Value: White=0.29/Black=0.49} ({Weaker is} 36. Qxe7 Rxc6 37. g4 Rac8 $18) 1-0

[Event "Chinese-ch Men 2020"]
[Site "Xinghua"]
[Date "2020.12.29"]
[Round "10.5"]
[White "Lu, Shanglei"]
[Black "Yu, Yangyi"]
[Result "1/2-1/2"]
[WhiteElo "2615"]
[BlackElo "2709"]
[Annotator "TA"]
[PlyCount "61"]
[EventDate "2020.12.19"]
[EventType "tourn"]
[EventCountry "CHN"]
[SourceTitle "playchess.com"]
[Source "ChessBase"]
[SourceQuality "1"]

{[%evp 9,61,2,10,10,14,14,14,12,14,12,10,14,26,13,38,24,39,26,38,30,21,0,25,18,13,21,27,31,24,27,37,48,45,47,34,0,1,8,7,8,25,0,0,0,0,0,0,0,20,-218,0,-29,0,-23]} 1. e4 e5 2. Bc4 Nf6 3. d3 c6 4. Nf3 d5 5. Bb3 a5 {[#] Hoping for ...a4.} 6. a4 {C24: Bishop's Opening: 2...Nf6.} ({Don't blunder} 6. Nxe5 $2 a4 $19) 6... Bb4+ 7. c3 Bd6 8. exd5 cxd5 9. Bg5 Be6 10. Na3 h6 11. Bh4 Nc6 12. Nb5 Bb8 13. O-O O-O 14. Re1 {[#]} Ra6 $146 ({Predecessor:} 14... g5 15. Bg3 Bg4 16. h3 Bh5 17. Re3 Kg7 18. Rc1 Ng8 19. d4 e4 20. Bxb8 Rxb8 {1-0 (35) Aronian,L (2781)-Duda,J (2743) chess24.com INT 2020}) 15. h3 Re8 16. Rc1 Qd7 17. Bg3 {[%cal Rg3e5]} Bf5 18. d4 {[%cal Rg3e5] Strongly threatening Bxe5.} e4 {Threatens to win with ...Bxg3.} 19. Bxb8 {aiming for Ne5.} Rxb8 20. Ne5 Qe7 21. f4 Be6 22. c4 dxc4 23. Bxc4 Bxc4 24. Rxc4 Rd8 25. Qc1 Rb6 26. Nc3 Nxd4 27. Nxe4 Ne6 28. f5 Nd4 29. Qf4 {[#]} (29. Nf2 $11 {and White stays safe.}) 29... Rb4 $2 (29... Nh5 $1 $19 {[%cal Rh5f4]} 30. Qg4 Qxe5) 30. Rxb4 axb4 31. Ng4 {Weighted Error Value: White=0.22/Black=0.14} 1/2-1/2

[Event "Chinese-ch Men 2020"]
[Site "Xinghua"]
[Date "2020.12.29"]
[Round "10.6"]
[White "Xu, Yinglun"]
[Black "Zhao, Jun"]
[Result "1/2-1/2"]
[WhiteElo "2554"]
[BlackElo "2638"]
[Annotator "TA"]
[PlyCount "80"]
[EventDate "2020.12.19"]
[EventType "tourn"]
[EventCountry "CHN"]
[SourceTitle "playchess.com"]
[Source "ChessBase"]
[SourceQuality "1"]

{[%evp 15,80,26,19,12,17,0,19,18,31,18,29,6,42,36,32,16,10,0,6,0,0,-48,-48,-48,-49,-22,28,20,52,53,63,59,58,54,54,54,54,54,49,49,47,61,61,61,61,61,61,51,61,0,82,82,82,82,94,29,28,0,0,0,42,40,66,61,61,61,61]} 1. c4 c6 2. d4 d5 3. cxd5 cxd5 4. Bf4 Nf6 5. Nc3 Nc6 6. e3 a6 7. Bd3 Bg4 8. Nge2 e6 9. f3 {D10: Slav Defence: 3 cxd5 (without early Nf3) and 3 Nc3.} Bh5 10. O-O Bd6 11. Rc1 {The position is equal.} O-O 12. Na4 e5 13. dxe5 Bxe5 14. Qb3 Qe7 {[#]} 15. Kh1 $146 ({Predecessor:} 15. Rfe1 Rfe8 16. Bg5 Qb4 17. Qc2 Bg6 18. Bxg6 hxg6 19. a3 Qa5 20. b4 Qc7 21. Kh1 {½-½ (60) Mukherjee,A (2495)-Atakisi,F (2523) Switzerland 2002}) 15... Bg6 16. Bxg6 hxg6 17. Bg5 Rad8 18. Nc5 Na5 $1 {[%cal Ra5b3]} 19. Qb4 Nc4 {aiming for ...Bd6.} 20. b3 {[%cal Bb2b3,Bb3c4][%mdl 32] [#]} Bd6 $1 21. Qxb7 Qe5 {[%csl Gd6][%cal Re5h2]} 22. Bf4 $36 {[%mdl 2048] White is pushing.} Qb2 {[%mdl 64] Double Attack} 23. bxc4 Qxe2 {[#]} 24. Rfe1 $1 {[%cal Re1e2]} Qxa2 25. Qxa6 Qxa6 26. Nxa6 Bxf4 27. exf4 dxc4 28. Rxc4 Rd2 29. Nb4 Ra8 30. Kg1 Kh7 31. g3 $1 Ra3 32. Rc2 (32. Rf1 $1 $14) 32... Rd6 (32... Rxc2 $11 33. Nxc2 Rxf3) 33. Nc6 Nd7 34. Kg2 f6 35. Re7 (35. Re8 $16) 35... Nb6 $1 $11 {[%cal Rb6d5] White must now prevent ...Nd5.} 36. Nb4 {Rcc7 is the strong threat.} Rb3 $1 37. Rcc7 Rb2+ 38. Kh3 {White is slightly better.} Nd7 39. Rcxd7 Rxd7 40. Rxd7 Rxb4 {Weighted Error Value: White=0.09/Black=0.12} 1/2-1/2

[Event "Chinese-ch Men 2020"]
[Site "Xinghua"]
[Date "2020.12.30"]
[Round "11.1"]
[White "Zhao, Jun"]
[Black "Xu, Xiangyu"]
[Result "1/2-1/2"]
[WhiteElo "2638"]
[BlackElo "2573"]
[Annotator "TA"]
[PlyCount "52"]
[EventDate "2020.12.19"]
[EventType "tourn"]
[EventCountry "CHN"]
[SourceTitle "playchess.com"]
[Source "ChessBase"]
[SourceQuality "1"]

{[%evp 15,52,-11,0,-27,-8,-6,-11,-15,-15,-35,-35,-34,-34,-32,-32,-40,-40,-40,-24,-29,-29,-24,-26,-39,-13,-31,-25,-48,-48,-48,-48,-48,-48,-50,-40,-40,0,-57,0]} 1. e4 c5 2. Nf3 Nc6 3. Nc3 e6 4. d4 cxd4 5. Nxd4 Nf6 6. Be2 Bb4 7. Qd3 d5 8. Nxc6 bxc6 9. e5 {B45: Sicilian Four Knights.} Ne4 10. O-O Bxc3 11. bxc3 {The position is equal.} Qa5 {[#]} 12. a4 $146 ({Predecessor:} 12. Bd2 Nxd2 13. Qxd2 Ba6 14. Bxa6 Qxa6 15. f4 g6 16. Rf3 Kd7 17. h3 h5 18. Kh2 {1-0 (24) Matinian,N (2470)-Perrine,D (2247) Chess.com INT 2020}) 12... Nxc3 13. Bd2 Nxe2+ 14. Qxe2 {[#]} Ba6 $1 15. Bxa5 Bxe2 16. Rfe1 Ba6 17. Bb4 Kd7 18. Bc5 Rhb8 19. Reb1 Bc4 (19... f6 {with more complications.} 20. f4 fxe5 21. fxe5 Kc8 22. Kf2 Rxb1 23. Rxb1 Rb8) 20. f4 Kc8 21. Kf2 Rxb1 22. Rxb1 Rb8 23. Rxb8+ Kxb8 24. Ke3 Bf1 25. Kf2 Bc4 26. Ke3 $1 Bf1 {Weighted Error Value: White=0.05/Black=0.06} ({Black should play} 26... Kb7 $15) 1/2-1/2

[Event "Chinese-ch Men 2020"]
[Site "Xinghua"]
[Date "2020.12.30"]
[Round "11.2"]
[White "Yu, Yangyi"]
[Black "Xu, Yinglun"]
[Result "1/2-1/2"]
[WhiteElo "2709"]
[BlackElo "2554"]
[Annotator "TA"]
[PlyCount "60"]
[EventDate "2020.12.19"]
[EventType "tourn"]
[EventCountry "CHN"]
[SourceTitle "playchess.com"]
[Source "ChessBase"]
[SourceQuality "1"]

{[%evp 21,60,10,21,22,36,7,23,0,0,0,0,0,0,0,29,29,55,48,54,0,16,0,0,0,0,0,0,0,0,0,0,0,0,0,0,0,0,0,0,0,-1]} 1. d4 d5 2. c4 e6 3. Nc3 Nf6 4. Nf3 c5 5. cxd5 Nxd5 6. e4 Nxc3 7. bxc3 cxd4 8. cxd4 Bb4+ 9. Bd2 Bxd2+ 10. Qxd2 O-O 11. Bc4 Nd7 12. O-O {D41: Queen's Gambit Declined: Semi-Tarrasch with 5 cxd5.} b6 13. d5 Nc5 14. Qd4 {White has an edge.} exd5 15. exd5 Qd6 16. Rfe1 Bb7 17. Rad1 {[#]} Rfe8 $146 ({Predecessor:} 17... Rae8 18. Ne5 a6 19. a3 Re7 20. Re3 Rfe8 21. Nxf7 Kxf7 22. Re6 Qd8 23. Qf4+ Kg8 24. Rxe7 Rxe7 25. d6+ Re6 26. d7 g6 27. Rd6 {1-0 (27) Giri,A (2764)-Nepomniachtchi,I (2784) chess24.com INT 2020}) 18. Ne5 f6 {[%cal Re8e5]} 19. Nc6 a6 {[#]} 20. a3 (20. Ne7+ $1 $14 Kf8 (20... Kh8 21. Qe3) 21. Nf5) 20... Kh8 {The position is equal.} 21. Qc3 Na4 ({Much weaker is} 21... Bxc6 22. dxc6 Rxe1+ 23. Qxe1 $16) 22. Qc1 Bxc6 23. dxc6 $40 {[%mdl 128] White is up to no good.} Qxc6 24. Bxa6 Rxe1+ 25. Rxe1 Qxc1 26. Rxc1 $11 {KRB-KRN} Nc5 27. Bc4 Rxa3 28. Rb1 g5 29. Rxb6 Ra1+ 30. Bf1 Ne4 {Weighted Error Value: White=0.08/Black=0.05} 1/2-1/2

[Event "Chinese-ch Men 2020"]
[Site "Xinghua"]
[Date "2020.12.30"]
[Round "11.3"]
[White "Wen, Yang"]
[Black "Lu, Shanglei"]
[Result "0-1"]
[WhiteElo "2594"]
[BlackElo "2615"]
[Annotator "TA"]
[PlyCount "70"]
[EventDate "2020.12.19"]
[EventType "tourn"]
[EventCountry "CHN"]
[SourceTitle "playchess.com"]
[Source "ChessBase"]
[SourceQuality "1"]

{[%evp 9,70,78,83,82,92,79,88,67,74,77,99,80,95,71,68,77,62,31,31,22,31,0,0,4,16,-34,-25,-27,-21,-32,-34,-26,-13,-15,-12,-22,-10,-22,-22,-22,-18,-25,-20,-13,-19,-37,-17,-39,-16,-16,-16,-79,-56,-43,-65,-62,-68,-127,-103,-12827,-12827,-1572,-1112]} 1. e4 c5 2. Nf3 d6 3. Bb5+ Nc6 4. O-O g6 5. d4 cxd4 6. Qxd4 {B51: Sicilian: Moscow Variation (3 Bb5+) without 3...Bd7.} f6 7. Qd5 Bd7 {[#]} 8. Bc4 $146 {[%csl Gc4][%cal Rd5f7] [#]White is better.} ({Predecessor:} 8. Nc3 e6 9. Qd3 a6 10. Bxc6 Bxc6 11. Nd4 Kf7 12. f4 Ne7 13. Be3 Qd7 14. Rad1 Rd8 15. f5 gxf5 16. exf5 {1-0 (16) Saarikangas,M (1930)-Mouawad,G (1692) ICCF email 2018}) 8... e6 9. Qd3 a6 10. a4 Qc7 11. Nc3 Nh6 12. Bb3 Ng4 13. h3 Nge5 14. Qd1 Bg7 15. Nd4 Nxd4 16. Qxd4 f5 {...Nf3+! is the strong threat.} 17. Qd1 fxe4 18. Nxe4 d5 19. Nc3 O-O 20. Be3 Nc6 21. Ne2 Na5 22. c3 b5 23. axb5 {And now b6 would win.} Nxb3 24. Qxb3 Bxb5 25. Rfe1 Bc4 26. Qc2 e5 27. Qd2 a5 28. f4 d4 29. cxd4 Bxe2 30. Rxe2 (30. Qxe2 $11 {remains equal.} exd4 31. Bd2) 30... exf4 31. Bf2 f3 32. gxf3 Rxf3 33. Kg2 (33. Ra3 $15 Rf5 34. Qc2) 33... Raf8 {Strongly threatening ...Qd7.} 34. Qxa5 $2 {[%mdl 8192]} (34. Ra3 $17 R3f5 35. Bg3) 34... Qb7 $19 35. d5 {[#]} Rxf2+ $1 {[%mdl 512] Weighted Error Value: White=0.32/Black=0.05} 0-1